000 00327nam a2200121Ia 4500
008 190216s9999||||xx |||||||||||||| ||und||
100 _aAlfred W Stonier & Douglas C Hague
245 0 _aText Book Of Economic Theory
260 _bThe English Language Book Society
_c1977
300 _a650p
650 _aCommerce
942 _cBK
999 _c9421
_d9421